Slovenský herec sa pri natáčaní stretol s princom Tarabasom

Bibliographic Details
Main Authors: Savčáková, Jana (Author, Interviewer), Fila, Jozef, 1964- (Author)
Format: Article
Language:Slovak
PhysicalDescription:Fotogr.
ISSN:1335-4566
Subjects:
Online Access:www.korzar.sk

MARC

LEADER 00000nab a2200000 a 4500
001 vtls009007759
003 SK-MaSNL
005 20260303065456.0
008 070717c20070717xo drz 0 0slo
038 |a KEVKJB 
040 |a KEVKJB  |b slo  |c KEVKJB  |e AACR2 
041 0 |a slo 
044 |a xo  |c SK 
080 |a 792.071.2  |2 2001 
080 |a 929 Fila, Jozef  |2 2001 
100 1 |a Savčáková, Jana  |4 ivr  |4 aut  |9 1035413 
245 1 0 |a Slovenský herec sa pri natáčaní stretol s princom Tarabasom  |c Jana Savčáková 
300 |b Fotogr. 
600 1 7 |a Fila, Jozef  |2 kevkjb  |9 877931 
650 0 7 |a divadlo  |2 kevkjb  |9 3335 
651 7 |a Košice (Slovensko)  |2 kevkjb  |9 18694 
700 1 |a Fila, Jozef,  |d 1964-  |4 ive  |4 aut  |9 67787 
773 0 |t Košický denník Korzár  |g Roč. X, č. 163 (17.7.2007), s. 14  |x 1335-4566 
852 |a KEVKJB  |b KIS3GCP 
856 4 1 |u www.korzar.sk 
958 |a BX 
999 |c 1751324  |d 1753254